000
00210 a2200097 4500
001
14303
100
_a
Scheffler, I
245
_a
Reason teaching
260
_a
London
_b
Routledge Kegan
_c
090
_c
11213
_d
11213
942
_a
NUST-CAE
_c
M
_c
1352
999
_c
249376
_d
249376